| 000 | 00770nam a2200193 i 4500 | ||
|---|---|---|---|
| 001 | 37477 | ||
| 003 | ES-MaACL | ||
| 005 | 20251005063036.0 | ||
| 007 | t| | ||
| 008 | 200728s1875 fr ||||1| fre d | ||
| 100 | 1 |
_aSmyth, Charles Piazzi, _d1819-1900 _9170207 |
|
| 245 | 1 | 3 |
_aLa grande pyramide, pharaonique de nom, humanitaire de fait : ses merveilles, ses mystères et ses enseignements / _cpar M. Piazzi Smyth ; trad. de l'Anglais par M.l'abbé Moigno. |
| 260 |
_aParis : _bAu Bureau du Journal Les Mondes : _bet chez Gauthier-Villars, imprimeur-éditeur, _c1875. |
||
| 300 |
_a243 p. ; _c18 cm. |
||
| 650 | 0 | 4 |
_aPirámides- _zEgipto. _916097 |
| 700 | 1 |
_aMoigno, François, _d1804-1884 _9130010 |
|
| 852 |
_aES-MaACL _jT-632-F-3 |
||
| 999 |
_c37477 _d37477 |
||